Global issues : (Record no. 13976)
[ view plain ]
| 000 -LEADER | |
|---|---|
| fixed length control field | 00586nam a2200193 a 4500 |
| 001 - CONTROL NUMBER | |
| control field | ASINB0072HY79E |
| 005 - DATE AND TIME OF LATEST TRANSACTION | |
| control field | 20170105102844.0 |
| 008 - FIXED-LENGTH DATA ELEMENTS--GENERAL INFORMATION | |
| fixed length control field | 130805s2010 xxu eng d |
| 020 ## - INTERNATIONAL STANDARD BOOK NUMBER | |
| International Standard Book Number | 8130914190 (hardcover) |
| 020 ## - INTERNATIONAL STANDARD BOOK NUMBER | |
| International Standard Book Number | 9788130914190 (hardcover) |
| 040 ## - CATALOGING SOURCE | |
| Original cataloging agency | 0 |
| 082 ## - DEWEY DECIMAL CLASSIFICATION NUMBER | |
| Classification number | 200.9 JOY 2010 |
| 100 1# - MAIN ENTRY--PERSONAL NAME | |
| Personal name | Frey, Rebecca Joyce. |
| 245 10 - TITLE STATEMENT | |
| Title | Global issues : |
| Remainder of title | fundamentalism / |
| Statement of responsibility, etc. | Rebecca Joyce Frey. |
| 260 ## - PUBLICATION, DISTRIBUTION, ETC. | |
| Place of publication, distribution, etc. | [S.l.] : |
| Name of publisher, distributor, etc. | Viva, |
| Date of publication, distribution, etc. | 2010. |
| 300 ## - PHYSICAL DESCRIPTION | |
| Extent | 1 v. (unpaged) |
| 856 40 - ELECTRONIC LOCATION AND ACCESS | |
| Materials specified | Amazon.com |
| Uniform Resource Identifier | <a href="http://www.amazon.com/exec/obidos/ASIN/B0072HY79E/chopaconline-20">http://www.amazon.com/exec/obidos/ASIN/B0072HY79E/chopaconline-20</a> |
| 942 ## - ADDED ENTRY ELEMENTS (KOHA) | |
| Source of classification or shelving scheme | |
| Koha item type | Book |
| Withdrawn status | Lost status | Damaged status | Not for loan | Collection code | Permanent Location | Current Location | Shelving location | Date acquired | Total Checkouts | Full call number | Barcode | Date last seen | Price effective from | Koha item type |
|---|---|---|---|---|---|---|---|---|---|---|---|---|---|---|
| Centre for International Peace & Stability (CIPS) | Centre for International Peace & Stability (CIPS) | General Stacks | 08/02/2013 | 200.9 JOY 2010 | CIPS0000239 | 08/05/2013 | 08/05/2013 | Book |
